Earthbound : teacher's manual

Αποθηκεύτηκε σε:
Λεπτομέρειες βιβλιογραφικής εγγραφής
Κύριος συγγραφέας: Helling, Sabine
Μορφή: Βιβλίο
Γλώσσα:English
Δημοσίευση: Manufactured : University of Michigan Press, c1997
Σειρά:Alliance (Ann Arbor, Mich.)
Θέματα:
Ετικέτες: Προσθήκη ετικέτας
Δεν υπάρχουν, Καταχωρήστε ετικέτα πρώτοι!

MARC

LEADER 00000nam a2200000 i 4500
001 1/87067
008 990722s1997 eng d
020 |a 0-472-08381-3 
035 |l 10052211 
040 |a GR-MY-UA  |b gre  |e aacr 
041 0 |a eng 
082 0 |a 910.071273 
100 1 |a Helling, Sabine. 
245 1 0 |a Earthbound :  |b teacher's manual /  |c Sabine Helling 
260 |a Manufactured :   |b University of Michigan Press,   |c c1997 
300 |a 110 p.  |b fig. 
490 1 |a Alliance (Ann Arbor, Mich.) 
650 0 0 |a Geography  |x Study and teaching (Secondary) 
650 0 0 |a Interdisciplinary approach in education. 
650 0 0 |a English language  |x Study and teaching  |x Foreign speakers. 
830 0 |a Alliance (Ann Arbor, Mich.) 
852 |a INST  |b LESVOS  |e 19990722  |h 910.071273 HEL  |p 005100019836  |q 005100019836  |t BK  |y 0 
901 |a BIBL-1999-2 
909 |a Λ  |b 060012 
922 |a 1ΕΛΗ  |b 199810  |c ΚΠΣ/ΤΓ  |d ΠΑΠΑΣΩΤΗΡΙΟΥ 
950 |a 118-1998-07-21 
970 |a ΤΖΑΦΕΡΗ  |b ΕΥΑΓΓΕΛΙΑ  |z 1999/07/22